00415nam a2200109Ia 4500008004100000050002400041100002500065245008200090260008600172300002000258521002700278140724s9999 xx 000 0 und d aTK 3001b.P294 2011 aPatag, Bon Daniel B. aAutomated billing system for Evangelista Beach Resort /cBon Daniel B. Patag. aLas Piñas, Philippines :bSouthville International School and Colleges,cc2011. a39 p. :c28 cm. aInformation Technology